Riconosci il Pokémon - Quiz n°134 - Statistics

Statistiche generali
  • Questo quiz è stato fatto 4 volte
  • Il punteggio medio è 6 su 10
Statistiche sulle risposte
Indizio Risposta % Corretto
Tipo Acqua
100%
Generazione Settima
100%
Abilità Espellinterno; Imprudenza
75%
Altezza 0,3 m
50%
Peso 1,2 kg
50%
Sesso 50% ♂, 50% ♀
50%
Tasso di cattura 60 (14.8%)
50%
Stadio evoluzione Non si evolve
50%
Pokémon Pyukumuku
50%
Tasso di allevamento Veloce
50%
Nessun quiz corrispondente trovato
Distribuzione punteggi
Percentuale di utenti per punteggio
Percentile per numero di risposta
I tuoi punteggi nel tempo
Non hai fatto questo quiz